Greener Catalysis for Environmental Applications (Record no. 35981)
[ view plain ]
| 000 -LEADER | |
|---|---|
| fixed length control field | 01113nam a2200133Ia 4500 |
| 008 - FIXED-LENGTH DATA ELEMENTS--GENERAL INFORMATION | |
| fixed length control field | 220621s9999||||xx |||||||||||||| ||und|| |
| 020 ## - INTERNATIONAL STANDARD BOOK NUMBER | |
| International Standard Book Number | 9783040000000 |
| 245 #0 - TITLE STATEMENT | |
| Title | Greener Catalysis for Environmental Applications |
| 546 ## - LANGUAGE NOTE | |
| Language note | English[eng] |
| 650 ## - SUBJECT ADDED ENTRY--TOPICAL TERM | |
| Topical term or geographic name entry element | selectivity tuning||CO2 methanation||reverse water gas shift||photocatalysis||dye||UV||peroxydisulfate||advanced oxidation process||Fischer-Tropsch||jet fuel||gasoline||CoMn||hydrotalcite-like precursors||heterogeneous catalysis||montmorillonite||benzimidazoles||gallium||vanadium||hydrodesulfurization||hydrogenation||synthesis method||catalysis||zero valent iron||de-chlorination||borohydride||sol-gel||ferromagnetic||glycine–nitrate process||copper-based nanoparticles||photocatalysis activity||NP9EO||Fenton degradation||ofloxacin||Fe3O4||zeolite||heterogeneous||ion exchange resins||waste cooking oil||reuse of catalyst||epoxidation||Circular Economy||contaminants of emerging concern||advanced oxidation processes||by-products||n/a |
| 700 ## - ADDED ENTRY--PERSONAL NAME | |
| Personal name | Wacławek, Stanisław |
| 856 ## - ELECTRONIC LOCATION AND ACCESS | |
| Uniform Resource Identifier | <a href="https://mdpi.com/books/pdfview/book/5344">https://mdpi.com/books/pdfview/book/5344</a> |
| 942 ## - ADDED ENTRY ELEMENTS (KOHA) | |
| Koha item type | E-Books |
| Withdrawn status | Lost status | Damaged status | Not for loan | Home library | Current library | Date acquired | Total Checkouts | Date last seen | Price effective from | Koha item type |
|---|---|---|---|---|---|---|---|---|---|---|
| Kerala University of Digital Sciences, Innovation and Technology Knowledge Centre | Kerala University of Digital Sciences, Innovation and Technology Knowledge Centre | 21/06/2022 | 21/06/2022 | 21/06/2022 | E-Books |